Příjem DVB-T

Enregistré dans:
Détails bibliographiques
Auteurs principaux: Bednář, Jiří (Auteur), Gregora, Pavel (Auteur)
Format: Livre
Langue:tchèque
Publié: Praha : BEN - technická literatura, 2007
Édition:2.prep.a dopl.vyd
Sujets:
Tags: Ajouter un tag
Pas de tags, Soyez le premier à ajouter un tag!

MARC

LEADER 00000nam a22000003a 4500
001 stu148714
005 20150617225939.2
008 071108s2007----xr------------------cze-d
020 |a 978-80-7300-221-3 
040 |a STU  |b slo 
041 0 |a cze 
044 |a xr 
080 |a 621.397.334 
080 |a 621.39  |7 stu_us_auth*stu8291 
100 1 |a Bednář, Jiří  |4 aut 
245 1 |a Příjem DVB-T 
250 |a 2.prep.a dopl.vyd 
260 |a Praha :  |b BEN - technická literatura,  |c 2007 
300 |a 134 s 
650 7 |a digitálne zobrazenie  |2 stusub 
650 7 |a digitálne obrazy  |2 stusub 
650 7 |a digitálne siete  |2 stusub 
650 7 |a televízne obrazovky  |2 stusub 
650 7 |a televízne prijímače  |2 stusub 
650 7 |a televízna technika  |2 stusub 
700 1 |a Gregora, Pavel  |4 aut 
996 |b 284EK87002  |c E*87002  |l EE01  |s A  |a 24  |w stu148714_0001